The Study of Language / (Record no. 914)
[ view plain ]
| 000 -LEADER | |
|---|---|
| fixed length control field | 00756nam a2200253 a 4500 |
| 003 - CONTROL NUMBER IDENTIFIER | |
| control field | (BD-SpBAUS) |
| 005 - DATE AND TIME OF LATEST TRANSACTION | |
| control field | 20241215101519.0 |
| 008 - FIXED-LENGTH DATA ELEMENTS--GENERAL INFORMATION | |
| fixed length control field | 241215s2020 ii a|||| |||| 001 0 eng d |
| 020 ## - INTERNATIONAL STANDARD BOOK NUMBER | |
| International Standard Book Number | 9781108499453 |
| 020 ## - INTERNATIONAL STANDARD BOOK NUMBER | |
| International Standard Book Number | 9781108730709 |
| 040 ## - CATALOGING SOURCE | |
| Original cataloging agency | BD-SpBAUS |
| Transcribing agency | BD-SpBAUS |
| 041 ## - LANGUAGE CODE | |
| Language code of text/sound track or separate title | eng |
| 082 ## - DEWEY DECIMAL CLASSIFICATION NUMBER | |
| Classification number | 400 |
| Author mark and year | YUS 2020 |
| 100 ## - MAIN ENTRY--PERSONAL NAME | |
| Personal name | Yule, George |
| 9 (RLIN) | 2232 |
| 245 ## - TITLE STATEMENT | |
| Title | The Study of Language / |
| Statement of responsibility, etc. | George Yule. |
| 250 ## - EDITION STATEMENT | |
| Edition statement | 7th ed. |
| 260 ## - PUBLICATION, DISTRIBUTION, ETC. | |
| Place of publication, distribution, etc. | New York : |
| Name of publisher, distributor, etc. | Cambridge University Press, |
| Date of publication, distribution, etc. | c2020 |
| 300 ## - PHYSICAL DESCRIPTION | |
| Extent | xiii, 371 p. : |
| Other physical details | ill. ; |
| Dimensions | 25 cm. |
| 504 ## - BIBLIOGRAPHY, ETC. NOTE | |
| Bibliography, etc. note | Includes bibliographical references and index |
| 650 ## - SUBJECT ADDED ENTRY--TOPICAL TERM | |
| Topical term or geographic name entry element | Language and languages |
| 650 ## - SUBJECT ADDED ENTRY--TOPICAL TERM | |
| Topical term or geographic name entry element | Linguistics |
| 856 ## - ELECTRONIC LOCATION AND ACCESS | |
| Electronic name | World Cat |
| Uniform Resource Identifier | <a href="https://search.worldcat.org/title/1334563793">https://search.worldcat.org/title/1334563793</a> |
| 942 ## - ADDED ENTRY ELEMENTS (KOHA) | |
| Source of classification or shelving scheme | Dewey Decimal Classification |
| Koha item type | Books |
| Suppress in OPAC | No |
| Withdrawn status | Lost status | Source of classification or shelving scheme | Damaged status | Not for loan | Home library | Current library | Date acquired | Source of acquisition | Cost, normal purchase price | Total Checkouts | Full call number | Barcode | Date last seen | Copy number | Price effective from | Koha item type | Shelving location | Date last checked out |
|---|---|---|---|---|---|---|---|---|---|---|---|---|---|---|---|---|---|---|
| Dewey Decimal Classification | Not For Loan | BAUST Central Library | BAUST Central Library | 11/14/2024 | Friends Book | 831.00 | 400 YUS 2020 | 14262 | 12/15/2024 | C-1 | 12/15/2024 | Books | ||||||
| Dewey Decimal Classification | BAUST Central Library | BAUST Central Library | 11/14/2024 | Friends Book | 831.00 | 3 | 400 YUS 2020 | 14263 | 03/01/2026 | C-2 | 12/15/2024 | Books | General Stacks | 02/08/2026 | ||||
| Dewey Decimal Classification | BAUST Central Library | BAUST Central Library | 11/14/2024 | Friends Book | 831.00 | 1 | 400 YUS 2020 | 14264 | 05/15/2025 | C-3 | 12/15/2024 | Books | General Stacks | 04/21/2025 | ||||
| Dewey Decimal Classification | BAUST Central Library | BAUST Central Library | 11/14/2024 | Friends Book | 831.00 | 400 YUS 2020 | 14265 | 12/15/2024 | C-4 | 12/15/2024 | Books | General Stacks | ||||||
| Dewey Decimal Classification | BAUST Central Library | BAUST Central Library | 11/14/2024 | Friends Book | 831.00 | 2 | 400 YUS 2020 | 14266 | 07/22/2025 | C-5 | 12/15/2024 | Books | General Stacks | 07/09/2025 | ||||
| Dewey Decimal Classification | BAUST Central Library | BAUST Central Library | 11/14/2024 | Friends Book | 831.00 | 400 YUS 2020 | 14267 | 12/15/2024 | C-6 | 12/15/2024 | Books | General Stacks | ||||||
| Dewey Decimal Classification | BAUST Central Library | BAUST Central Library | 11/14/2024 | Friends Book | 831.00 | 2 | 400 YUS 2020 | 14268 | 05/29/2025 | C-7 | 12/15/2024 | Books | General Stacks | 05/18/2025 | ||||
| Dewey Decimal Classification | BAUST Central Library | BAUST Central Library | 11/14/2024 | Friends Book | 831.00 | 1 | 400 YUS 2020 | 14269 | 07/17/2025 | C-8 | 12/15/2024 | Books | General Stacks | 06/19/2025 | ||||
| Dewey Decimal Classification | BAUST Central Library | BAUST Central Library | 11/14/2024 | Friends Book | 831.00 | 2 | 400 YUS 2020 | 14270 | 06/16/2025 | C-9 | 12/15/2024 | Books | General Stacks | 06/02/2025 | ||||
| Dewey Decimal Classification | BAUST Central Library | BAUST Central Library | 11/14/2024 | Friends Book | 831.00 | 3 | 400 YUS 2020 | 14271 | 07/16/2025 | C-10 | 12/15/2024 | Books | General Stacks | 06/19/2025 |
